LDR 00381naa#a2200145#i#450# 001 EN\INFRA-M\bibl\126405 005 20260703182753.5 011 ## _a2306-1731 100 ## _a20260623b2026####ek#y0engy0150####ca 102 ## _aRU 200 1# _aObituary _eJournal article 210 1# _aMoscow _cINFRA-M Academic Publishing LLC. _d2026 215 ## _a0 с. 608 ## _aJournal article _2local 856 4# _anaukaru.ru _u